MACHINE LEARNING AND DATA SCIENCE FOR BEGINNERS/ (Record no. 210538)

MARC details
000 -LEADER
fixed length control field 00672nam a22001937a 4500
005 - DATE AND TIME OF LATEST TRANSACTION
control field 20250327120105.0
010 ## - LCCN (DPL NO)
LC control number ENG-144299
020 ## - INTERNATIONAL STANDARD BOOK NUMBER
Terms of availability 350.00
International Standard Book Number 9789394899919
035 ## - SYSTEM CONTROL NUMBER
System control number EN-127831
037 ## - SOURCE OF ACQUISITION
Source of stock number/acquisition DBAD/PUB
082 ## - DEWEY DECIMAL CLASSIFICATION NUMBER
Classification number 006.31
100 ## - MAIN ENTRY--PERSONAL NAME
Personal name Lakshmi S. Jothi
245 ## - TITLE STATEMENT
Title MACHINE LEARNING AND DATA SCIENCE FOR BEGINNERS/
Statement of responsibility, etc S. Jothi Lakshmi
Medium English
260 ## - PUBLICATION, DISTRIBUTION, ETC. (IMPRINT)
Place of publication, distribution, etc Tamil Nadu
Name of publisher, distributor, etc Shanlax Publications
Date of publication, distribution, etc 2022
270 ## - ADDRESS
City Tamil Nadu
Address Vasantha Nagar, Madurai Tamil Nadu
Postal code 625003
300 ## - PHYSICAL DESCRIPTION
Extent 256 (p)
Dimensions 24cm(pb)
700 ## - ADDED ENTRY--PERSONAL NAME
Personal name S. Jothi Lakshmi ,G.Ganesh Kumar , A Stephen Rufus And D. Vikneshkumar
9 (RLIN) 79968
942 ## - ADDED ENTRY ELEMENTS (KOHA)
Source of classification or shelving scheme Dewey Decimal Classification
Item type English Books
Classification part 006.31
Call number suffix LAK
Holdings
Withdrawn status Lost status Not for loan Collection code Home library Current library Date acquired Source of acquisition Cost, normal purchase price Full call number Barcode Copy number Cost, replacement price Koha item type
    Not For Loan Non-fiction D.B.Act.Division D.B.Act.Division 27/03/2025 DBAD 350.00 006.31 LAK EN-127831 1 350.00 English Books

© Delhi Public Library
Hit Counter
free hit counter